La 'Lauro' monetal y el hallazgo de Cànoves (Barcelona) / por José Estrada y Leandro Villaronga
Descripción Física:
p. 135-194, 1 map. pleg., amb làm. ; 27 cm
Colección:
Monografías ; 28
Otros Autores:
Villaronga i Garriga, Leandre
Materias:
Monedes romanes -- Cànoves (Barcelona)
MARC
| LEADER | 00000nam a2200000Ia 4500 | ||
|---|---|---|---|
| 001 | 7777 | ||
| 008 | 160829s1967 xx 000 0 cat d | ||
| 080 | |a H-2-83 | ||
| 100 | |a Estrada i Garriga, Josep |9 22900 | ||
| 245 | |a La 'Lauro' monetal y el hallazgo de Cànoves (Barcelona) / por José Estrada y Leandro Villaronga | ||
| 260 | |a Barcelona : |b Diputación. Instituto de Prehistoria y Arqueología, |c 1967 | ||
| 300 | |a p. 135-194, 1 map. pleg., amb làm. ; |c 27 cm | ||
| 490 | |a Monografías ; 28 | ||
| 590 | |a Separata d'Ampurias ; 28 | ||
| 650 | |a Monedes romanes |x Cànoves (Barcelona) |9 22901 | ||
| 700 | |a Villaronga i Garriga, Leandre |9 22902 | ||
| 710 | 2 | |a Instituto de Prehistoria y Arqueología (Barcelona, Catalunya) |9 54255 | |
| 901 | |a Arxiu | ||
| 942 | |n 1 |2 udc | ||
| 952 | |0 0 |1 0 |4 0 |6 H283 |7 1 |9 42373 |a Arxiu |b Arxiu |d 2016-12-01 |l 0 |o H-2-83 |p 7777 |r 2016-12-01 00:00:00 |w 2016-12-01 |y ARXIU | ||
| 999 | |c 44851 |d 44851 | ||